<?xml version="1.0" encoding="UTF-8"?>
<record
    xmlns:xsi="http://www.w3.org/2001/XMLSchema-instance"
    xsi:schemaLocation="http://www.loc.gov/MARC21/slim http://www.loc.gov/standards/marcxml/schema/MARC21slim.xsd"
    xmlns="http://www.loc.gov/MARC21/slim">

  <leader>01355nam a2200229 a 4500</leader>
  <controlfield tag="005">20241212134110.0</controlfield>
  <controlfield tag="008">230622s2016||||ag     gr    |||| f|spa d</controlfield>
  <datafield tag="010" ind1=" " ind2=" ">
    <subfield code="a"> </subfield>
  </datafield>
  <datafield tag="020" ind1=" " ind2=" ">
    <subfield code="a">9789877390513</subfield>
  </datafield>
  <datafield tag="022" ind1=" " ind2=" ">
    <subfield code="y"> </subfield>
  </datafield>
  <datafield tag="041" ind1=" " ind2=" ">
    <subfield code="a">spa</subfield>
  </datafield>
  <datafield tag="092" ind1=" " ind2=" ">
    <subfield code="c">808</subfield>
    <subfield code="l">8</subfield>
    <subfield code="s">BON</subfield>
  </datafield>
  <datafield tag="100" ind1="1" ind2=" ">
    <subfield code="a">Bonellli, Florencia</subfield>
    <subfield code="9">4163</subfield>
  </datafield>
  <datafield tag="245" ind1=" " ind2=" ">
    <subfield code="a">Me llaman Artemio Furia II /</subfield>
    <subfield code="c">Florencia Bonelli</subfield>
  </datafield>
  <datafield tag="250" ind1=" " ind2=" ">
    <subfield code="a">1a ed.</subfield>
  </datafield>
  <datafield tag="260" ind1=" " ind2=" ">
    <subfield code="a">Buenos Aires:</subfield>
    <subfield code="b">Suma de letras;</subfield>
    <subfield code="c">2016.</subfield>
  </datafield>
  <datafield tag="300" ind1=" " ind2=" ">
    <subfield code="a">320 p.</subfield>
    <subfield code="b">21x13 cm.</subfield>
  </datafield>
  <datafield tag="500" ind1=" " ind2=" ">
    <subfield code="a">Bonelli, F. (2016). Me llaman Artemio Furia II. (1a ed.). Buenos Aires : Suma de letras.</subfield>
  </datafield>
  <datafield tag="505" ind1=" " ind2=" ">
    <subfield code="a">Buenos Aires, 1810. Artemio Furia es un gaucho cuyo nombre se pronuncia con respeto y temor en todas las esferas de la sociedad. Entre 1806 y 1807, sus centauros y &#xE9;l sirvieron en los ej&#xE9;rcitos de Juan Mart&#xED;n de Pueyrred&#xF3;n para expulsar a los ingleses. Su influencia entre los paisanos es decisiva. Cuando palpita la Revoluci&#xF3;n de Mayo, la facci&#xF3;n patri&#xF3;tica lo convoca para luchar por la libertad. Contar con las huestes del gaucho Furia puede significar la victoria. En medio de estas intrigas pol&#xED;ticas, el pasado oscuro y tr&#xE1;gico de Artemio Furia se hace presente y el honor lo obliga a hacerle frente con la venganza. En esta batalla, podr&#xE1; perder algo m&#xE1;s que la vida. Podr&#xE1; perder el amor. </subfield>
  </datafield>
  <datafield tag="655" ind1=" " ind2=" ">
    <subfield code="a">Literatura</subfield>
    <subfield code="9">2917</subfield>
  </datafield>
  <datafield tag="942" ind1=" " ind2=" ">
    <subfield code="2">ddc</subfield>
    <subfield code="c">LIT</subfield>
  </datafield>
  <datafield tag="999" ind1=" " ind2=" ">
    <subfield code="c">3223</subfield>
    <subfield code="d">3223</subfield>
  </datafield>
  <datafield tag="952" ind1=" " ind2=" ">
    <subfield code="0">0</subfield>
    <subfield code="1">0</subfield>
    <subfield code="2">ddc</subfield>
    <subfield code="4">0</subfield>
    <subfield code="7">0</subfield>
    <subfield code="a">BFM</subfield>
    <subfield code="b">BFM</subfield>
    <subfield code="c">CR</subfield>
    <subfield code="d">2024-12-12</subfield>
    <subfield code="e">Donaci&#xF3;n Diciembre 2024. Sede Tordos.</subfield>
    <subfield code="l">0</subfield>
    <subfield code="o">808 8 BON</subfield>
    <subfield code="p">4964</subfield>
    <subfield code="r">2024-12-12</subfield>
    <subfield code="t">Ej.1</subfield>
    <subfield code="w">2024-12-12</subfield>
    <subfield code="y">LIT</subfield>
    <subfield code="z">Donaci&#xF3;n Diciembre 2024. Sede Tordos.</subfield>
    <subfield code="f"></subfield>
  </datafield>
</record>
